First 3 Picks of Every NHL Draft Since 2000 - Statistics

General Stats
  • This quiz has been taken 140 times
    47 since last reset
  • The average score is 46 of 78
Answer Stats
Year Pick Team Player % Correct
2015 1 Edmonton Connor McDavid
95%
2022 1 Montréal Juraj Slafkovský
95%
2025 1 NY Islanders Matthew Schaefer
95%
2004 1 Washington Alexander Ovechkin
93%
2024 1 San Jose Macklin Celebrini
93%
2023 1 Chicago Connor Bedard
90%
2005 1 Pittsburgh Sidney Crosby
90%
2019 1 New Jersey Jack Hughes
88%
2016 1 Toronto Auston Matthews
85%
2013 1 Colorado Nathan MacKinnon
85%
2021 1 Buffalo Owen Power
85%
2018 1 Buffalo Rasmus Dahlin
83%
2020 1 NY Rangers Alexis Lafrenière
80%
2007 1 Chicago Patrick Kane
80%
2014 1 Florida Aaron Ekblad
78%
2025 2 San Jose Michael Misa
78%
2020 3 Ottawa Tim Stützle
78%
2004 2 Pittsburgh Evgeni Malkin
76%
2023 2 Anaheim Leo Carlsson
76%
2022 3 Arizona Logan Cooley
76%
2017 1 New Jersey Nico Hischier
76%
2020 2 Los Angeles Quinton Byfield
76%
2011 1 Edmonton Ryan Nugent-Hopkins
76%
2008 1 Tampa Bay Steven Stamkos
76%
2015 2 Buffalo Jack Eichel
73%
2009 1 NY Islanders John Tavares
73%
2003 1 Pittsburgh Marc-André Fleury
73%
2016 2 Winnipeg Patrik Laine
73%
2023 3 Columbus Adam Fantilli
71%
2021 2 Seattle Matty Beniers
71%
2012 1 Edmonton Nail Yakupov
71%
2018 3 Montréal Jesperi Kotkaniemi
68%
2017 3 Dallas Miro Heiskanen
68%
2013 2 Florida Alexander Barkov
66%
2014 3 Edmonton Leon Draisaitl
66%
2022 2 New Jersey Šimon Nemec
66%
2010 1 Edmonton Taylor Hall
66%
2024 3 Anaheim Beckett Sennecke
63%
2006 3 Chicago Jonathan Toews
63%
2025 3 Chicago Anton Frondell
59%
2024 2 Chicago Artyom Levshunov
59%
2008 2 Los Angeles Drew Doughty
59%
2011 2 Colorado Gabriel Landeskog
59%
2005 3 Carolina Jack Johnson
59%
2016 3 Columbus Pierre-Luc Dubois
59%
2000 1 NY Islanders Rick DiPietro
59%
2018 2 Carolina Andrei Svechnikov
56%
2006 1 St. Louis Erik Johnson
56%
2019 2 NY Rangers Kaapo Kakko
56%
2014 2 Buffalo Sam Reinhart
56%
2012 3 Montréal Alex Galchenyuk
54%
2015 3 Arizona Dylan Strome
54%
2019 3 Chicago Kirby Dach
54%
2009 2 Tampa Bay Victor Hedman
54%
2003 2 Carolina Eric Staal
51%
2006 2 Pittsburgh Jordan Staal
51%
2017 2 Philadelphia Nolan Patrick
51%
2002 1 Columbus Rick Nash
51%
2001 1 Atlanta Ilya Kovalchuk
49%
2013 3 Tampa Bay Jonathan Drouin
46%
2011 3 Florida Jonathan Huberdeau
46%
2021 3 Anaheim Mason McTavish
46%
2010 2 Boston Tyler Seguin
46%
2012 2 Columbus Ryan Murray
44%
2009 3 Colorado Matt Duchene
34%
2005 2 Anaheim Bobby Ryan
32%
2000 2 Atlanta Dany Heatley
29%
2010 3 Florida Erik Gudbranson
24%
2001 2 Ottawa Jason Spezza
24%
2007 2 Philadelphia James van Riemsdyk
20%
2002 2 Atlanta Kari Lehtonen
20%
2000 3 Minnesota Marián Gáborík
20%
2008 3 Buffalo Zach Bogosian
20%
2003 3 Florida Nathan Horton
15%
2007 3 Phoenix Kyle Turris
10%
2004 3 Chicago Cam Barker
7%
2002 3 Florida Jay Bouwmeester
7%
2001 3 Tampa Bay Alexander Svitov
5%
No matching quizzes found
Score Distribution
Percent of People with Each Score
Percentile by Number Answered
Your Score History
You have not taken this quiz since the last reset